| 000 | 00781cam a22002534a 4500 | ||
|---|---|---|---|
| 003 | UPN | ||
| 005 | 20220809104527.0 | ||
| 008 | 090211s2002 nyua r 000 f spa d | ||
| 020 | _a0439398851 | ||
| 035 | _aUPN01000170780 | ||
| 040 |
_aUPN _bspa _cUPN |
||
| 049 | _aCG | ||
| 050 | 4 |
_aPS3568 Y2.5 _bE7.6 |
|
| 100 | 1 |
_aRyan, Pam Muñoz, _d1951- _930886 |
|
| 245 | 1 | 0 |
_aEsperanza renace / _cPam Muñoz Ryan ; tr. Nuria Molinero. |
| 260 |
_aNew York : _bScholastic, _c2002. |
||
| 300 |
_a266 p. : _bil. |
||
| 534 |
_pTítulo original: _tEsperanza rising |
||
| 650 | 4 |
_aMexicoamericanos _vNovela juvenil _913831 |
|
| 650 | 4 |
_aTrabajadores agrícolas _vNovela juvenil _913829 |
|
| 651 | 4 |
_aCalifornia, Estados Unidos _vNovela juvenil _913830 |
|
| 905 | _aLibro | ||
| 942 |
_2lcc _cLIBRO |
||
| 999 |
_c142885 _d142885 |
||